000 00722nam a22002057a 4500
005 20241014144020.0
008 241014b |||||||| |||| 00| 0 sp d
040 _aECC
_bspa
_cECC
_dECC
_eRCA2
082 _a001.42 C114
100 _aCabezas, Horacio
_91166
245 _aMetodología de la investigación :
_bguía práctica para elaborar informes de investigación /
_cHoracio Cabezas. --
260 _aGuatemla :
_bEditorial Piedra Santa,
_c2000
300 _a98 p. :
_bil. ;
_c21 cm.
504 _aBibliografía: p. 91-95
650 _aInvestigación
_xMetodología
_91012
650 _aProyectos de investigación
_9534
650 _aInvestigación científica
_9625
942 _2ddc
_cBK
_k001.42 C114
_n0
999 _c3871
_d3871